Normal view MARC view
  • ASEAN Coordinators Of Customs

Entry Corporate Name

Number of records used in: 1

001 - CONTROL NUMBER

  • control field: 8588

003 - CONTROL NUMBER IDENTIFIER

  • control field: OSt

005 - DATE AND TIME OF LATEST TRANSACTION

  • control field: 20170530092133.0

008 - FIXED-LENGTH DATA ELEMENTS

  • fixed length control field: 170530|| aca||aabn | a|a d

040 ## - CATALOGING SOURCE

  • Original cataloging agency: OSt
  • Transcribing agency: OSt

110 ## - HEADING--CORPORATE NAME

  • Corporate name or jurisdiction name as entry element: ASEAN Coordinators Of Customs

670 ## - SOURCE DATA FOUND

  • Source citation: Work cat.: (OSt): Second Meeting Of The ASEAN Coordinators Of Customs Training Centres (ACCTC) , 2000
Pusat Sumber Maklumat Dato' Haji Sarmin Md Hussin, Akademi Kastam Diraja Malaysia, Melaka
Tel: 06-2331106 | Faks: 06-2313787